Caryapada aru borgit (Record no. 3659)
[ view plain ]
| 000 -LEADER | |
|---|---|
| fixed length control field | 00553cam a2200217ua 4500 |
| 001 - CONTROL NUMBER | |
| control field | 3837 |
| 005 - DATE AND TIME OF LATEST TRANSACTION | |
| control field | 20260515113734.0 |
| 008 - FIXED-LENGTH DATA ELEMENTS--GENERAL INFORMATION | |
| fixed length control field | 111207n ii |||gr||||Z||||||asm |
| 020 ## - INTERNATIONAL STANDARD BOOK NUMBER | |
| International Standard Book Number | 81-7339-000-2 |
| 040 ## - CATALOGING SOURCE | |
| Transcribing agency | MAIN |
| 082 ## - DEWEY DECIMAL CLASSIFICATION NUMBER | |
| Classification number | 782.25 |
| 100 ## - MAIN ENTRY--PERSONAL NAME | |
| Personal name | Chakravarty, Manju, |
| Relator term | Author. |
| 245 11 - TITLE STATEMENT | |
| Title | Caryapada aru borgit |
| Statement of responsibility, etc. | by Manju Chakravarty |
| 250 ## - EDITION STATEMENT | |
| Edition statement | 1st. |
| 260 ## - PUBLICATION, DISTRIBUTION, ETC. | |
| Place of publication, distribution, etc. | Dibrugarh: |
| Name of publisher, distributor, etc. | Banalata,993. |
| 300 ## - PHYSICAL DESCRIPTION | |
| Extent | 96p: |
| Dimensions | 23cm. |
| 653 ## - INDEX TERM--UNCONTROLLED | |
| Uncontrolled term | Assamese song |
| 653 ## - INDEX TERM--UNCONTROLLED | |
| Uncontrolled term | Caryapada aru borgit |
| 700 ## - ADDED ENTRY--PERSONAL NAME | |
| Personal name | Hazarika, Karabi Deka, |
| Relator term | Author. |
| 942 ## - ADDED ENTRY ELEMENTS (KOHA) | |
| Koha item type | Books |
| Withdrawn status | Lost status | Damaged status | Not for loan | Home library | Current library | Shelving location | Date acquired | Total checkouts | Full call number | Barcode | Date last seen | Copy number | Price effective from | Koha item type | Date last checked out |
|---|---|---|---|---|---|---|---|---|---|---|---|---|---|---|---|
| Naharkatiya College Library | Naharkatiya College Library | General stacks | 09/19/2020 | 782.25 | HAZ | 10331 | 09/19/2020 | 4 | 09/19/2020 | Books | ||||||
| Naharkatiya College Library | Naharkatiya College Library | General stacks | 09/19/2020 | 1 | 782.25 | HAZ | 10332 | 03/11/2025 | 3 | 09/19/2020 | Books | 03/08/2025 | ||||
| Naharkatiya College Library | Naharkatiya College Library | General stacks | 09/19/2020 | 1 | 782.25 | HAZ | 9647 | 03/16/2026 | 6 | 09/19/2020 | Books | 02/26/2026 | ||||
| Naharkatiya College Library | Naharkatiya College Library | General stacks | 09/19/2020 | 782.25 | HAZ | 9648 | 09/19/2020 | 2 | 09/19/2020 | Books | ||||||
| Naharkatiya College Library | Naharkatiya College Library | General stacks | 09/19/2020 | 782.25 | HAZ | 9649 | 09/19/2020 | 5 | 09/19/2020 | Books | ||||||
| Naharkatiya College Library | Naharkatiya College Library | General stacks | 09/19/2020 | 1 | 782.25 | HAZ | 9650 | 09/30/2023 | 1 | 09/19/2020 | Books | 09/26/2023 |